|
|
|
|
| LEADER |
00000nam0a2200000 4500 |
| 001 |
684216 |
| 005 |
20260113144614.0 |
| 090 |
|
|
|a 684216
|
| 100 |
|
|
|a 20260113d1978 km|y0rusy50 ca
|
| 101 |
0 |
|
|a rus
|
| 102 |
|
|
|a RU
|
| 105 |
|
|
|a a z 001yy
|
| 181 |
|
0 |
|a i
|b e
|
| 182 |
|
0 |
|a n
|
| 183 |
|
0 |
|a nc
|2 RDAcarrier
|
| 200 |
1 |
|
|a Исследование турбо- и гидрогенераторов
|f Всесоюзный научно-исследовательский институт электромашиностроения ; отв. ред. Я. Б. Данилевич
|e сборник
|
| 203 |
|
|
|a Текст
|b визуальный
|c непосредственный
|
| 210 |
|
|
|a Ленинград
|c Наука
|d 1976
|
| 215 |
|
|
|a 168 с.
|c ил.
|
| 283 |
|
|
|a volume
|2 RDAcarrier
|
| 320 |
|
|
|a Библиография в конце статей
|
| 606 |
1 |
|
|a Турбогенераторы
|2 stltpush
|3 (RuTPU)RU\TPU\subj\62069
|9 79220
|
| 606 |
1 |
|
|a Гидрогенераторы
|x Исследование
|2 stltpush
|3 (RuTPU)RU\TPU\subj\6595
|9 34435
|
| 610 |
1 |
|
|a торцовая зона
|
| 610 |
1 |
|
|a температурное поле
|
| 610 |
1 |
|
|a синхронные машины
|
| 610 |
1 |
|
|a демпферные обмотки
|
| 610 |
1 |
|
|a токи
|
| 610 |
1 |
|
|a расчет
|
| 610 |
1 |
|
|a многослойные стержневые обмотки
|
| 610 |
1 |
|
|a рассеяние
|
| 610 |
1 |
|
|a индуктивное сопротивление
|
| 610 |
1 |
|
|a турбогенераторы
|
| 610 |
1 |
|
|a электромагнитный расчет
|
| 610 |
1 |
|
|a роторы
|
| 610 |
1 |
|
|a стяжка
|
| 610 |
1 |
|
|a напряжение
|
| 675 |
|
|
|a 621.313.322-81
|v 4
|
| 675 |
|
|
|a 621.313.322-82
|v 4
|
| 702 |
|
1 |
|a Данилевич
|b Я. Б.
|g Янош Брониславович
|4 340
|
| 712 |
0 |
2 |
|a Всесоюзный научно-исследовательский институт электромашиностроения
|4 570
|9 25815
|
| 801 |
|
0 |
|a RU
|b 63413507
|c 20260113
|
| 830 |
|
|
|a Ретро2026Каталогизация Шило
|
| 942 |
|
|
|c BK
|